| 000 | 00963cam a2200277 a 4500 | ||
|---|---|---|---|
| 001 | 000014021 | ||
| 005 | 20260421091200.0 | ||
| 008 | 840424s1982 sp ab bs 000 1 spa | ||
| 020 | _a8436802047 | ||
| 040 |
_aDO-SdBNP _bspa _cDLC _dBNPHU |
||
| 082 |
_a324.73 _bB268t |
||
| 100 | 1 |
_aBarranco Sáiz, Francisco Javier. _931730 |
|
| 245 | 1 | 0 |
_aTécnicas de marketing político / _cFrancisco Javier Barranco Sáiz ; prólogo Ángel Benito. |
| 260 |
_aMadrid, España : _bEdiciones Pirámide, _c1982. |
||
| 300 |
_a228 p. : _bil., mapas ; _c23 cm. |
||
| 490 | 1 | _aMedios | |
| 504 | _aIncluye referencias bibliográficas. | ||
| 650 | 4 |
_aMercadeo político _zEspaña _931731 |
|
| 650 | 4 |
_aPropaganda electoral _918708 |
|
| 650 | 0 |
_aTácticas políticas _919756 |
|
| 650 | 4 |
_aPolítica y medios de comunicación de masas _918709 |
|
| 700 | 1 |
_aBenito, Ángel, _epról. _931732 |
|
| 830 | 0 |
_aMedios. _931733 |
|
| 910 | _aCatalogación por copia / LC | ||
| 049 | _aBNGR | ||
| 999 |
_c13625 _d13625 |
||